| 000 | 00350nam a2200145Ia 4500 | ||
|---|---|---|---|
| 008 | 150201s1994 xx 000 0 und d | ||
| 082 |
_a617.692 _bR1994M |
||
| 100 | _aMC CRACKER | ||
| 245 | _aREMOVABLE PARTIAL PROSTHODONTICS | ||
| 250 | _a9TH | ||
| 260 |
_bMOSBY _aNEW DELHI _c1994 |
||
| 300 | _a1-524 | ||
| 650 | _aPROSTHODONTICS | ||
| 942 |
_2ddc _cBK |
||
| 999 |
_c3131 _d3131 |
||